Top 30 Countries With Most Airports - Statistics

General Stats
  • This quiz has been taken 29 times
  • The average score is 26 of 30
Answers on the Map
Answers color-coded by a green-red scale on the quiz's map according to % correct below.
 
Answer Stats
Answer % Correct
Argentina
100%
Australia
100%
Brazil
100%
China
100%
Colombia
100%
France
100%
Germany
100%
India
100%
Indonesia
100%
Japan
100%
Mexico
100%
Russia
100%
South Africa
100%
Spain
100%
UK
100%
USA
100%
Canada
96%
Chile
96%
Italy
96%
Sweden
92%
Venezuela
92%
Poland
88%
Philippines
79%
D. R. Congo
75%
Ecuador
67%
Kenya
63%
Tanzania
58%
Papua New Guinea
38%
Czechia
25%
Namibia
25%
No matching quizzes found
Score Distribution
Percent of People with Each Score
Percentile by Number Answered
Your Score History
You have not taken this quiz